Современный русский язык /

Đã lưu trong:
Chi tiết về thư mục
Tác giả chính: Валгина, Н.С.
Tác giả khác: Розенталь, Д.Э., Фомина, М.И.
Định dạng: Sách
Ngôn ngữ:Russian
Được phát hành: Москва : Логос, 2003.
Phiên bản:6-е изд., перераб. и доп.
Những chủ đề:
Các nhãn: Thêm thẻ
Không có thẻ, Là người đầu tiên thẻ bản ghi này!
Thư viện lưu trữ: Mạng thư viện Đại học Đà Nẵng
LEADER 01430cam a2200409 a 4500
001 000044004
003 2173
005 20060425143618.0
008 010217b2003 vm 000 rus
020 |a 5940100082 
040 |a LRC  |c LRC  |d LRC 
041 0 |a rus 
082 1 4 |a 491.7709  |b BA-H 
100 1 |a Валгина, Н.С. 
245 1 0 |a Современный русский язык /  |c Н.С. Валгина, Д.Э. Розенталь, М.И. Фомина. 
250 |a 6-е изд., перераб. и доп. 
260 |a Москва :  |b Логос,  |c 2003. 
300 |a 528 с. ;  |c 22 см. 
500 |a Учебник для вузов. 
630 0 4 |a Лексика. 
630 0 4 |a Фразеология. 
650 0 4 |a Русский язык  |x Лексика. 
650 0 4 |a Русский язык  |x Фразеология. 
700 1 |a Розенталь, Д.Э. 
700 1 |a Фомина, М.И. 
OWN |a DUT 
AVA |a UDN50  |b DUT  |c Book  |d 491.7709 BA-H  |e available  |t Error 5001 Not defined in file expand_doc_bib_avail.  |f 2  |g 0  |h N  |i 0  |j SH  |k 1 
999 |a From the UDN01 
AVA |a UDN50  |b DUT  |c Book  |d 491.7709 BA-H  |e available  |t Error 5001 Not defined in file expand_doc_bib_avail.  |f 2  |g 0  |h N  |i 0  |j SH  |k 1 
TYP |a Monograph 
TYP |a Printed language 
980 |a Mạng thư viện Đại học Đà Nẵng